01040nam a2200241 a 450000100100000000500170001000800410002704000240006808200150009210000270010724500890013426000410022330000210026459000760028550000410036150000590040250000430046170000360050404900090054095201130054995201190066299900170078100003485120200930073937.0111020s1950 fr 000 0 spa d aDO-SdBNPbfrcBNPHU axxxbT858h1 aTrotsky, Léon94878310aHistoire de la révolution russe /cLéon Trosky; traducción Maurice Parijanine. aParis :bÉditions du Seuil,c1950. a765 p. ;c18 cm. aPerteneció a la biblioteca personal de Juan Isidro Jimenes Grullón. aIncluye índice de nombres citados. a1- La revolution de fe 2- La révolution d´ octubre. aIncluye notas al pie de las páginas.1 aParijanine, Mauriceetr.960381 aBNGR 001050718MOaGRbGRcCTd2011-10-20iLF1l0oxxx T858hp34851-10r2020-06-25w2020-06-25y1ZNo se presta 001050718MOaGRbGRcCTd2011-11-03iLF1l0oxxx T858hp34851-20r2020-06-25te. 2w2020-06-25y1ZNo se presta c34342d34342